000 00489nam a22001577a 4500
003 PILC
005 20150112093448.0
008 131018t xxu||||| |||| 00| 0 eng d
020 _a1740099753
050 _aHF 5548.4
_b.H392 2003
100 _aHawking, Paul
_929346
245 _aThe XP Stable :
_ban introduction to Microsoft Office XP /
_cPaul Hawking.
260 _aAustralia ;
_bPearson Education Australia .
_xyz2003.
300 _a573 pages :
_billustration ;
_c30 cm.
942 _2lcc
_cBK
999 _c14997
_d14997